Statystyki dla Podróż z Malezji do RPA

Kliknij tutaj aby rozwiązać quiz!

Ogólne statystyki

  • Ten quiz został rozwiązany 144 razy
  • Średni wynik to 13 z 15

Statystyki odpowiedzi

KierunekKraj% Poprawnych
ZachódIndie
95%
ZachódIran
94%
PółnocTajlandia
94%
Południowy ZachódEgipt
93%
ZachódIrak
93%
PołudnieRPA
92%
ZachódPakistan
91%
PołudnieSudan
91%
ZachódIzrael
88%
ZachódMjanma
87%
PołudnieMozambik
87%
Południowy WschódEtiopia
86%
Południowy ZachódJordania
86%
PołudnieKenia
86%
PołudnieTanzania
86%

Rozkład punktacji

Percentyl według liczby udzielonych odpowiedzi

Procent ludzi z każdym wynikiem

Twoja historia wyników

Nie rozwiązałeś tego quizu